Name the Greek Island from a Clue - Statistics

General Stats
  • This quiz has been taken 55 times
  • The average score is 11 of 20
Answer Stats
Clue Letter Island % Correct
The Minoan civilization inhabited this island C Crete
98%
This island's Colossus was a 33 meter high statue of the god Helios R Rhodes
96%
Today, the demonym of this island refers to a homosexual woman L Lesbos
94%
Most populous of the Ionian Islands C Corfu
79%
Odysseus was the king of this island in a Homer poem I Ithaca
77%
This three-letter island was home to Hippocrates, the "Father of Medicine" K Kos
74%
The volcanic eruption on this island in 1600 BCE caused the end of that civilization S Santorini
66%
Party-island that is nicknamed "The Island of the Winds" M Mykonos
62%
The highest peak in this island in the Cyclades is called Mount Zeus N Naxos
62%
Second largest Greek island - both in terms of area and population E Euboea
60%
Its Navagio Beach is home to the shipwreck MV Panagiotis Z Zakynthos
51%
Home island of Pythagoras and Aristarchus S Samos
49%
Largest of the Ionian Islands C Cephalonia
45%
This "Mastic island" was site of a massacre in 1822 C Chios
36%
The plural of a type of Italian cured sausage makes the name of this island S Salamis
34%
Where John wrote the Book of Revelation P Patmos
30%
Northernmost major island in the Aegean Sea T Thasos
28%
Where a famous headless "Winged" statue of the goddess Niké was found.Its second half of its name is the southeastern region of the Balkans S Samothrace
26%
Island in the gulf that the Port of Piraeus sits on, that is home to the Temple of Aphaia A Aegina
17%
Home to the southernmost point in Europe G Gavdos
13%
No matching quizzes found
Score Distribution
Percent of People with Each Score
Percentile by Number Answered
Your Score History
You have not taken this quiz